阪急の定期の旅客車両 - Statistics

General Stats
  • This quiz has been taken 85 times
  • The average score is 37 of 42
Answer Stats
走行路線 車両 % Correct
阪急神戸線 1000
98%
阪急神戸高速線 1000
98%
阪急今津線 1000
98%
阪急宝塚線 1000
98%
阪急神戸線 8000
98%
阪急神戸高速線 8000
98%
阪急今津線 8000
98%
阪急宝塚線 8000
98%
阪急箕面線 8000
98%
阪急神戸線 7000
93%
阪急神戸高速線 7000
93%
阪急今津線 7000
93%
阪急伊丹線 7000
93%
阪急宝塚線 7000
93%
阪急箕面線 7000
93%
阪急今津線 5000
91%
阪急神戸線 9000
91%
阪急神戸高速線 9000
91%
阪急今津線 9000
91%
阪急宝塚線 9000
91%
阪急京都線 1300
87%
阪急千里線 1300
87%
阪急神戸線 6000
87%
阪急今津線 6000
87%
阪急伊丹線 6000
87%
阪急甲陽園線 6000
87%
阪急宝塚線 6000
87%
阪急箕面線 6000
87%
阪急京都線 8300
87%
阪急千里線 8300
87%
阪急京都線 9300
87%
阪急京都線 2300
85%
阪急嵐山線 6300
78%
阪急京都線 7300
78%
阪急千里線 7300
78%
阪急京都線 5300
74%
阪急千里線 5300
74%
阪急京都線 3300
67%
阪急千里線 3300
67%
阪急神戸線 8200
67%
阪急宝塚線 5100
63%
阪急箕面線 5100
63%
No matching quizzes found
Score Distribution
Percent of People with Each Score
Percentile by Number Answered
Your Score History
You have not taken this quiz